Asas reka bentuk laman web
| Main Author: | |
|---|---|
| Other Authors: | |
| Format: | Book |
| Language: | Malay |
| Published: |
Batu caves, Selangor :
Venton pub. ,
2007
|
| Subjects: |
MARC
| LEADER | 00000cam a2200000 7i4500 | ||
|---|---|---|---|
| 001 | 0000023428 | ||
| 005 | 20110913.0 | ||
| 008 | 110909s my a may | ||
| 020 | |a 9789675065040 | ||
| 040 | |a INS | ||
| 090 | 0 | 0 | |a TK5105.888 |b J36 2007 |
| 100 | 0 | |a Jamaluddin Harun | |
| 245 | 1 | 0 | |a Asas reka bentuk laman web |c Jamaluddin Harun, Zaidatun Tasir |
| 260 | |a Batu caves, Selangor : |b Venton pub. , |c 2007 | ||
| 300 | |a ix, 297ms. : |b il. ; |c 25cm. | ||
| 650 | 0 | |a Web site development | |
| 650 | 0 | |a Web sites |x Design | |
| 700 | 0 | |a Zaidatun Tasir | |
| 999 | |a 1000000059 |b BOOK |c Open Shelf |e Default branch | ||